00974cam a22002411 45000010005000000030008000050050017000130080041000300350019000710400032000900410008001220820026001301110090001562450070002462600095003163000027004115040108004386500038005466500038005846500035006227000027006577100048006842554BD-RjUL20211208233559.0131212s1966 enk b 101 0 eng d a(BD-RjUL) 2581 aDLCcDLCdDLCdBD-RjULbeng aeng00a331.191724bIND 19662 aResearch Conference on Industrial Relations and Economic Development,cGeneva,d1966.10aIndustrial relations and economic development /c Arthur M. Ross. aLondon,bpublished for the International Institute for Labour Studies by Macmillan,cc1966 axxxv, 413 p.;c22 cm. a"Literature on industrial relations and economic development": p. [321]-406. Bibliographical footnotes. 0aIndustrial relationsxCongresses. 0aEconomic developmentxCongresses. 0aIndustrial policyxCongresses.1 aRoss, Arthur Max,eed.2 aInternational Institute for Labour Studies.